| 000 | 005160000a22002050004500 | ||
|---|---|---|---|
| 999 |
_c47335 _d47335 |
||
| 001 | 77 | ||
| 003 | CO-MdFUSB | ||
| 005 | 20170922181804.0 | ||
| 008 | 170914b xxu||||| |||| 00| 0 eng d | ||
| 020 | _a1-56063-782-X | ||
| 040 | _cCO-MdBIC | ||
| 082 | 0 | 4 | _a868HC N998c |
| 100 | 1 | _aNystrom, Carolyn | |
| 245 | 1 | 0 | _aQue es un Cristiano / Carolyn Nystrom, il. : Eira Reeves |
| 260 | _aMiami : Unilit | ||
| 300 | _a[ 32 P. ] | ||
| 500 | _awww.editorialunilit.com | ||
| 650 | 1 | 4 | _aLiteratura Infantil |
| 942 | _cLGB | ||